| 000 | 00808cam a22002535a 4500 | ||
|---|---|---|---|
| 999 |
_c26523 _d26495 |
||
| 005 | 20190526103723.0 | ||
| 008 | 991127t2000 maua frb 001 0 eng d | ||
| 020 | _a0201684195 | ||
| 020 | _a9780201684193 | ||
| 040 |
_aUk _beng _cUk _dEG-ScBUE _dEG-ScBUE |
||
| 082 | 0 | 4 |
_a005.74 _bDAT _222 |
| 100 | 1 |
_aDate, C. J. _q(Christopher John), _d1941- |
|
| 245 | 1 | 3 |
_aAn introduction to database systems / _cC. J. Date. |
| 246 | 3 | 0 | _aDatabase systems |
| 250 | _a7th ed., International ed. | ||
| 260 |
_aReading, Mass. ; _aHarlow : _bAddison-Wesley, _cc.2000. |
||
| 300 |
_axxii, 938 p. : _bill. ; _c24 cm. |
||
| 500 | _aPrevious ed.: 1995. | ||
| 500 | _aIncludes bibliographical references and index. | ||
| 650 | 7 |
_aDatabase management. _2BUEsh |
|
| 651 | _2BUEsh | ||
| 653 |
_bCOMSCI _cApril2018 |
||
| 942 | _2ddc | ||